00307nam a2200133Ia 45000030006000000080041000060400015000471000018000622450026000802500010001062600028001165460012001440050017001560STCL150530s9999 xx 000 0 und d aSTCLcSTCL aGardner, W.H. aGerard manley hopkins aFirst bOxford universityc1961 aEnglish20220125170836.0